Mutation, promotion and transformation in vitro

Kaydedildi:
Detaylı Bibliyografya
Materyal Türü: Kitap
Dil:Undetermined
Baskı/Yayın Bilgisi: Tokyo Japan Scientific Societies Press 1981
Konular:
Etiketler: Etiketle
Etiket eklenmemiş, İlk siz ekleyin!
Thư viện lưu trữ: Trung tâm Học liệu Trường Đại học Cần Thơ
LEADER 00570nam a2200181Ia 4500
001 CTU_127329
008 210402s9999 xx 000 0 und d
082 |a 616.4071 
082 |b M992 
245 0 |a Mutation, promotion and transformation in vitro 
245 0 |c Naomichi Inui ... [et al.] 
260 |a Tokyo 
260 |b Japan Scientific Societies Press 
260 |c 1981 
650 |a Carcinogenesis,Tissue culture,Cell transformation 
650 |x Congresses,Congresses,Congresses 
904 |i Nguyên 
980 |a Trung tâm Học liệu Trường Đại học Cần Thơ